000 00360nam a2200157Ia 4500
008 230711s9999||||xx |||||||||||||| ||und||
041 _aENG
082 _bVI-V
100 _aVirk,Hardev Singh
245 0 _aVegeyan de krishme
250 _a1st
260 _c1994
_aAmritsar
_bGuru Nanak Dev University
300 _a118
650 _aLiterature
942 _cBK
999 _c5161
_d5161